Biblical christianity in modern Africa / (Record no. 759)
[ view plain ]
| 000 -LEADER | |
|---|---|
| fixed length control field | 00591cam a22001932 4500 |
| 001 - CONTROL NUMBER | |
| control field | 0000008699 |
| 005 - DATE AND TIME OF LATEST TRANSACTION | |
| control field | 20151021151115.0 |
| 008 - FIXED-LENGTH DATA ELEMENTS--GENERAL INFORMATION | |
| fixed length control field | 080514s xx 000 0 eng d |
| 020 ## - INTERNATIONAL STANDARD BOOK NUMBER | |
| International Standard Book Number | 1842270192 : |
| Terms of availability | KES 650 |
| 040 ## - CATALOGING SOURCE | |
| Original cataloging agency | KABU |
| Transcribing agency | KABU |
| 100 1# - MAIN ENTRY--PERSONAL NAME | |
| Personal name | Odonovan, Wilbur. |
| -- | 0000159384 |
| 245 10 - TITLE STATEMENT | |
| Title | Biblical christianity in modern Africa / |
| Statement of responsibility, etc. | Wilbur O'Donovan. |
| 260 ## - PUBLICATION, DISTRIBUTION, ETC. (IMPRINT) | |
| Place of publication, distribution, etc. | Carlisle, England : |
| Name of publisher, distributor, etc. | Paternoster, |
| Date of publication, distribution, etc. | 2000. |
| 300 ## - PHYSICAL DESCRIPTION | |
| Extent | 263 p. |
| 650 #0 - SUBJECT ADDED ENTRY--TOPICAL TERM | |
| Topical term or geographic name as entry element | Christianity. |
| -- | 0000148830 |
| 852 1# - LOCATION | |
| -- | p250 KES |
| 908 ## - PUT COMMAND PARAMETER (RLIN) | |
| Put command parameter | 080514 |
| 950 ## - LOCAL HOLDINGS (RLIN) | |
| -- | 1 |
| Withdrawn status | Lost status | Source of classification or shelving scheme | Not for loan | Home library | Current library | Date acquired | Total Checkouts | Full call number | Barcode | Date last seen | Date last checked out | Price effective from | Koha item type |
|---|---|---|---|---|---|---|---|---|---|---|---|---|---|
| Library of Congress Classification | Kabarak, Main Campus | Kabarak, Main Campus | 17/12/2015 | 1 | BR1360 .O36 2000 c. 3 | 014790 | 02/08/2024 | 29/10/2018 | 17/12/2015 | General Collection | |||
| Library of Congress Classification | Kabarak, Main Campus | Kabarak, Main Campus | 17/12/2015 | BR1360 .O36 2000 c. 1 | 009009 | 17/12/2015 | 17/12/2015 | General Collection | |||||
| Library of Congress Classification | Kabarak, Main Campus | Kabarak, Main Campus | 17/12/2015 | 2 | BR1360 .O36 2000 c. 2 | 013501 | 02/08/2024 | 26/03/2019 | 17/12/2015 | General Collection | |||
| Library of Congress Classification | Kabarak, Nakuru City Campus | Kabarak, Nakuru City Campus | 21/10/2015 | 1 | BR1360 .O36 2000 c. 1 | 013502 | 14/04/2016 | 12/04/2016 | 21/10/2015 | General Collection |